000 01946nam a2200541 i 4500
001 991053123539205066
003 NyNyJPI
005 20260413174229.0
008 241104s2024 pl cho |000 0bpol c
009 b1000005927750
015 _aUWD 2024/34762
020 _a9788379014873
_q(oprawa miękka)
035 _a(PL)b1000005927750
035 _a(EXLNZ-48OMNIS_NETWORK)9914317135205606
040 _aWA N
_cWA N
_dWA N
_dKR U
_dWA N
045 0 _bd1939
046 _k1939
080 _81.1\x
_a94(438).082.1
080 _81.2\x
_a929-051(438)"19"
084 _a10
100 1 _aSkowron, Stanisław
_d(1923-1942)
_eAutor
245 1 0 _aZ mojej przeszłości :
_bzapiski uczestnika wojny obronnej 1939 r. /
_cStanisław Skowron ; wstęp, opracowanie tekstu Janusz Skowron ; posłowie Jerzy Mazurek.
246 3 0 _aZapiski uczestnika wojny obronnej 1939 r.
260 _aWarszawa :
_bMuzeum Historii Polskiego Ruchu Ludowego,
_c2024.
300 _a60 stron :
_bfaksymilia, fotografie, portrety ;
_c21 cm.
336 _aTekst
_btxt
_2rdacontent
337 _aBez urządzenia pośredniczącego
_bn
_2rdamedia
338 _aWolumin
_bnc
_2rdacarrier
380 _aKsiążki
380 _aLiteratura faktu, eseje, publicystyka
386 _mPrzynależność kulturowa
_aLiteratura polska
388 1 _a1901-2000
388 1 _a1939-1945
600 1 7 _aSkowron, Stanisław
_d(1923-1942)
_2DBN
648 7 _a1901-2000
_2DBN
648 7 _a1939-1945
_2DBN
650 7 _aJeńcy wojenni
_2DBN
650 7 _aKampania wrześniowa (1939)
_2DBN
650 7 _aŻołnierze
_2DBN
651 7 _aPolska
_2DBN
655 7 _aPamiętniki i wspomnienia
_2DBN
658 _aBezpieczeństwo i wojskowość
658 _aHistoria
700 1 _aSkowron, Janusz
_d(1958- )
_eWstęp
_eOpracowanie
700 1 _aMazurek, Jerzy
_d(1961- )
_ePosłowie
710 2 _aMuzeum Historii Polskiego Ruchu Ludowego (Warszawa)
_eWydawca
_4pbl
942 _2z
_cBK
_n0
999 _c91106
_d91106